000 00302nam a22001217a 4500
020 _a9789350301975
082 _a631.56
_bSIM/PO
100 _aSimson,sharon Pastor
_9846
245 _aPost Harvest Technology and Management
260 _aJaipur
_bOxford Book Company
_c2014
300 _a236
942 _cBK
999 _c14494
_d14494